Áďa a já Pro všechny, kdo se odlišují
Saved in:
| Main Author | |
|---|---|
| Other Authors | |
| Format | Electronic eBook |
| Language | Czech |
| Published |
Bambook
2026
|
| Edition | 1. elektronické vydání |
| Subjects | |
| Online Access | Dostupné v BOOKPORT po přihlášení pomocí eduID |
| ISBN | 978-80-271-8075-2 978-80-271-5999-4 |
| Physical Description | 1 online zdroj (32 stran) |
Cover
| LEADER | 00000nam a2200000 i 4500 | ||
|---|---|---|---|
| 001 | bkp15096 | ||
| 003 | CZ-prgp | ||
| 005 | 20260407112621.0 | ||
| 006 | m o d | ||
| 007 | cr cn | ||
| 008 | 260407s2026 xr o 000 0 cze | ||
| 020 | |a 978-80-271-8075-2 |c 305 Kč |q (online ; pdf) | ||
| 020 | |a 978-80-271-5999-4 |c 365 Kč |q (print) | ||
| 040 | |a Grada |b cze |e rda | ||
| 100 | 1 | |a Pink, Rich | |
| 245 | 1 | 0 | |a Áďa a já |b Pro všechny, kdo se odlišují |c Rich Pink, Rox Pink |
| 250 | |a 1. elektronické vydání | ||
| 264 | 1 | |b Bambook |c 2026 | |
| 300 | |a 1 online zdroj (32 stran) | ||
| 336 | |a text |b txt |2 rdacontent | ||
| 337 | |a počítač |b c |2 rdamedia | ||
| 338 | |a online zdroj |b cr |2 rdacarrier | ||
| 520 | 3 | |a Obrázková kniha Áďa a já přibližuje citlivým a srozumitelným způsobem dětem i dospělým, jak může vypadat každodenní život s ADHD. | |
| 650 | 0 | 4 | |a Dětská literatura |
| 650 | 0 | 4 | |a Beletrie pro děti |
| 650 | 0 | 4 | |a Čtení s poučením |
| 650 | 0 | 4 | |a Pohádky |
| 650 | 0 | 4 | |a První čtení |
| 650 | 0 | 4 | |a Příběhy, deníky |
| 700 | 1 | |a Rox Pink | |
| 856 | 4 | 0 | |u https://www.bookport.cz/AccountSaml/SignIn/?idp=https://shibboleth.utb.cz/idp/shibboleth&returnUrl=/kniha/ada-a-ja-15884/ |y Dostupné v BOOKPORT po přihlášení pomocí eduID |